000 004660000a22001810004500
020 _a0-664-24561-7
041 0 _aENG
082 0 4 _aG 268.6 H588u
100 1 _aHestenes, Roberta
245 1 0 _aUsing the Bible in groups / Roberta Hestenes
260 _aPhiladelphia, PA., USA : Westminster
300 _a118 Pag
001 8010
942 _cBK
999 _c38209
_d38209
336 _atexto
_btxt
_2rdacontent
337 _2rdamedia
_asin mediación
_bn
338 _2rdacarrier
_avolumen
_bnc